<?xml version="1.0" encoding="UTF-8"?>
<record
    xmlns:xsi="http://www.w3.org/2001/XMLSchema-instance"
    xsi:schemaLocation="http://www.loc.gov/MARC21/slim http://www.loc.gov/standards/marcxml/schema/MARC21slim.xsd"
    xmlns="http://www.loc.gov/MARC21/slim">

  <leader>00386    a2200109   4500</leader>
  <controlfield tag="001">ART_17633</controlfield>
  <controlfield tag="005">20260410161924.0</controlfield>
  <controlfield tag="008">260409a                                 </controlfield>
  <datafield tag="245" ind1="1" ind2="0">
    <subfield code="a">An analysis of a macroeconometric model with rational expectations in the bond and stock markets</subfield>
  </datafield>
  <datafield tag="100" ind1="1" ind2=" ">
    <subfield code="a">Fair, Ray C.</subfield>
  </datafield>
  <datafield tag="773" ind1="0" ind2=" ">
    <subfield code="t">The American Economic Review</subfield>
    <subfield code="g">- Vol. 69, N&#xBA; 4 (sep. 1979)</subfield>
    <subfield code="w">REV16190</subfield>
  </datafield>
  <datafield tag="999" ind1=" " ind2=" ">
    <subfield code="c">27945</subfield>
    <subfield code="d">27945</subfield>
  </datafield>
</record>
